Central Library OPAC University of Rajshahi

Time in Rousseau and Kant : (Record no. 31956)

MARC details
000 -LEADER
fixed length control field 00723cam a22002532 4500
001 - CONTROL NUMBER
control field 31956
003 - CONTROL NUMBER IDENTIFIER
rucl marc code BD-RjUL
005 - DATE AND TIME OF LATEST TRANSACTION
control field 20211209051754.0
008 - FIXED-LENGTH DATA ELEMENTS--GENERAL INFORMATION
fixed length control field 140423t1958 sz 000 0 eng d
035 ## - SYSTEM CONTROL NUMBER
System control number (BD-RjUL)32045
040 ## - CATALOGING SOURCE
Original cataloging agency WSU
Transcribing agency WSU
Modifying agency SER
-- OCL
-- EQO
-- BD-RjUL
Language of cataloging eng
041 ## - LANGUAGE CODE
Language code of text/sound track or separate title eng
082 04 - DEWEY DECIMAL CLASSIFICATION NUMBER
Classification number 115
Author mark and year TET 1958
090 ## - LOCALLY ASSIGNED LC-TYPE CALL NUMBER (OCLC); LOCAL CALL NUMBER (OCLC)
Classification number (OCLC) (R) ; Classification number, CALL (RLIN) (NR) B2138.T5
Local cutter number (OCLC) ; Book number/undivided call number, CALL (RLIN) T4
100 1# - MAIN ENTRY--PERSONAL NAME
Personal name Temmer, Mark J.
9 (RLIN) 97285
245 10 - TITLE STATEMENT
Title Time in Rousseau and Kant :
Remainder of title An essay on French Pre-Romanticism /
260 ## - PUBLICATION, DISTRIBUTION, ETC. (IMPRINT)
Place of publication, distribution, etc. Genève :
Name of publisher, distributor, etc. E. Droz,
Date of publication, distribution, etc. 1958.
300 ## - PHYSICAL DESCRIPTION
Pagination 79 p. ;
Size 24 cm.
600 10 - SUBJECT ADDED ENTRY--PERSONAL NAME
Personal name Rousseau, Jean-Jacques,
Dates associated with a name 1712-1778.
Personal name Kant, Immanuel,
Dates associated with a name 1724-1804.
650 #0 - SUBJECT ADDED ENTRY--TOPICAL TERM
Topical term or geographic name as entry element Time.
9 (RLIN) 97288
942 ## - ADDED ENTRY ELEMENTS (KOHA)
Source of classification or shelving scheme Dewey Decimal Classification
Koha item type Books
Holdings
Lost status Source of classification or shelving scheme Damaged status Not for loan Collection code Permanent Location Current Location Shelving location Date acquired Source of acquisition Cost, normal purchase price Total Checkouts Full call number Date last seen Copy number Koha item type
  Dewey Decimal Classification   Not For Loan Non-fiction Central Library, University of Rajshahi Central Library, University of Rajshahi Reading Room 12/03/1963 zeithinger 14.00   115 TET 1958 23/04/2014 C-1 Books